| 000 | 00631cam a22002173a 4500 | ||
|---|---|---|---|
| 001 | 43145 | ||
| 003 | PGUSA | ||
| 005 | 20140828084000.0 | ||
| 008 | 130708s2013||||xxu|||||s|||||000 | eng d | ||
| 040 |
_aPGUSA _beng |
||
| 042 | _adc | ||
| 100 | 1 |
_aMeade, L. T., _d1854-1914 |
|
| 245 | 1 | 4 |
_aThe Squire's Little Girl _h[electronic resource] / _cL. T. Meade |
| 260 |
_bProject Gutenberg, _c2013 |
||
| 506 | _aPublic domain in the USA. | ||
| 516 | _aElectronic text | ||
| 700 | 1 |
_aBaumer, Lewis Christopher Edward, _d1870-1963 |
|
| 830 | 0 |
_aProject Gutenberg _v43145 |
|
| 856 | 4 | 0 | _uhttp://www.gutenberg.org/ebooks/43145 |
| 942 | _cEB | ||
| 999 |
_c272396 _d272396 |
||